000
00261nam a22001097a 4500
008
170104b xxu||||| |||| 00| 0 eng d
020
_a
9780763729523
041
_a
eng
080
_2
4TH
_a
618.2
245
_a
HEALTHY LIVING
_c
ALTERS, S & SCHIFF, W
942
_2
udc
_c
BK
999
_c
2533
_d
2533